Vita sexualis : das Geschlechtsleben des Menschen : sexualpathologische Studie /

Hlavní autor: Nemes Nagy, Zoltán von
Jazyk: Němčina
Vydáno: Wien : Braumüller, 1926
Témata:
sex
Fyzický popis: 136 stran
Knihy
Uloženo v:
LEADER 01056nam a22003012i 4500
001 001485731
003 CZ BrMZK
005 20160225090154.0
007 ta
008 150827s1926 au er|||||||||||ger d
040 |a PNA001  |b cze  |d BOA001  |e rda 
072 7 |a 612  |x Fyziologie člověka a srovnávací fyziologie  |2 Konspekt  |9 14 
072 7 |a 613  |x Hygiena. Lidské zdraví  |2 Konspekt  |9 14 
080 |a 613.88  |2 MRF 
100 1 |a Nemes Nagy, Zoltán von  |4 aut 
245 1 0 |a Vita sexualis :  |b das Geschlechtsleben des Menschen : sexualpathologische Studie /  |c Zoltán von Nemes-Nagy 
264 1 |a Wien :  |b Braumüller,  |c 1926 
300 |a 136 stran 
336 |a text  |b txt  |2 rdacontent 
337 |a bez média  |b n  |2 rdamedia 
338 |a svazek  |b nc  |2 rdacarrier 
650 0 7 |a sex  |7 ph125495  |2 czenas 
650 0 7 |a sexualita  |7 ph116134  |2 czenas 
650 0 7 |a psychosexuální poruchy  |7 ph241652  |2 czenas 
910 |a BOA001  |b 2-0274.327 
990 |a BK 
991 |b 201508 
996 7 |b 2618710122  |c 2-0274.327  |l MZK  |r Sklad / do 24 hodin  |n 0  |w 001520811  |u 000010  |a 1  |e BOA001  |j MZK50  |s A